Loading...
| Literature - American | 0 | 4 | 0 | 1 | 40 | 85 | 106.25 | 0 | 0 | 3.33 | 8.33 |
| Fine Arts - Painting and Sculpture | 0 | 3 | 0 | 2 | 30 | 116 | 120.33 | 0 | 0 | 0.26 | 3.79 |
| Science - Physics | 0 | 3 | 0 | 0 | 30 | 82 | 85.33 | 0 | 0 | 6.83 | 13.57 |
| Mythology | 0 | 2 | 0 | 0 | 20 | 78 | 93.00 | 0 | 0 | 3.23 | 4.26 |
| Literature - European | 0 | 2 | 0 | 0 | 20 | 96 | 97.00 | 0 | 0 | 3.23 | 7.47 |
| Science - Chemistry | 0 | 2 | 0 | 0 | 20 | 56 | 64.50 | 0 | 2 | 8.42 | 14.44 |
| History - European | 0 | 2 | 0 | 1 | 20 | 68 | 92.00 | 0 | 0 | 3.78 | 1.94 |
| Fine Arts - Other | 0 | 2 | 0 | 0 | 20 | 99 | 105.00 | 0 | 0 | 2.12 | 4.63 |
| Science - Other | 0 | 2 | 0 | 0 | 20 | 82 | 96.00 | 0 | 1 | 2.27 | 8.52 |
| Fine Arts - Classical Music | 0 | 2 | 0 | 0 | 20 | 101 | 107.50 | 0 | 0 | 3.20 | 10.19 |
| Social Science | 0 | 2 | 2 | 1 | 10 | 90 | 99.50 | 0 | 0 | 2.91 | 4.17 |
| Geography | 0 | 1 | 0 | 0 | 10 | 90 | 90.00 | 0 | 0 | 3.18 | 3.33 |
| History - Other | 0 | 1 | 0 | 0 | 10 | 110 | 110.00 | 0 | 0 | 0.00 | 1.01 |
| Literature - British | 0 | 1 | 0 | 0 | 10 | 112 | 112.00 | 0 | 0 | 0.38 | 1.85 |
| Literature - World | 0 | 1 | 0 | 0 | 10 | 109 | 109.00 | 0 | 0 | 0.00 | 1.11 |
| Philosophy | 0 | 1 | 0 | 0 | 10 | 87 | 87.00 | 0 | 0 | 2.99 | 5.56 |
| Current Events | 0 | 1 | 0 | 0 | 10 | 108 | 108.00 | 0 | 0 | 0.00 | 2.08 |
| History - American | 0 | 1 | 1 | 0 | 5 | 75 | 75.00 | 0 | 0 | 3.54 | 2.78 |
| Science - Biology | 0 | 1 | 1 | 0 | 5 | 57 | 57.00 | 0 | 1 | 4.78 | 8.33 |
| Religion | 0 | 0 | 0 | 0 | 0 | 0.00 | 0 | 0 | 0.00 | 0.00 | |
| History - World | 0 | 0 | 1 | 0 | -5 | 0.00 | 0 | 0 | 0.00 | 0.00 |